[Event "Lvov Ukrainian Chess Warriors"]
[Site "Lvov"]
[Date "2024.03.15"]
[Round "8"]
[White "Podolskyi, Mykhailo"]
[Black "Zakordonets, Olexandr"]
[Result "1-0"]
[WhiteElo "2331"]
[BlackElo "1963"]
[PlyCount "73"]
[EventDate "2024.03.15"]
[EventType "swiss (rapid)"]
[EventRounds "8"]
[EventCountry "UKR"]
[SourceTitle "CB12_2024"]
[SourceDate "2023.10.01"]
[SourceVersion "1"]
[SourceVersionDate "2023.10.01"]
[SourceQuality "1"]

1. d4 Nf6 2. c4 c5 3. d5 b5 4. cxb5 a6 5. Nc3 axb5 6. e4 b4 7. Nb5 d6 8. a4 g6 9. Bd3 Bg7 10. Qc2 Nbd7 11. Nf3 0-0 12. 0-0 Ng4 13. Nd2 Ba6 14. Be2 Ngf6 15. Rb1 Nb6 16. b3 e6 17. dxe6 fxe6 18. Bb2 Qe7 19. e5 dxe5 20. Bxe5 Bxb5 21. Bxb5 Nfd5 22. Bxg7 Kxg7 23. Ne4 Rac8 24. Rbc1 Rf4 25. Rfe1 Rxe4 26. Qxe4 Nc3 27. Qxe6 Qxe6 28. Rxe6 Nbd5 29. Bc4 Nf4 30. Re7+ Kf6 31. Rf7+ Kg5 32. Re1 Nh5 33. a5 Rd8 34. a6 Rd2 35. g3 Ra2 36. h4+ Kh6 37. Ree7 1-0

[Event "Lvov Ukrainian Chess Warriors"]
[Site "Lvov"]
[Date "2024.03.15"]
[Round "3"]
[White "Zakordonets, Olexandr"]
[Black "Dehtiarov, Roman"]
[Result "0-1"]
[WhiteElo "1963"]
[BlackElo "2319"]
[PlyCount "104"]
[EventDate "2024.03.15"]
[EventType "swiss (rapid)"]
[EventRounds "8"]
[EventCountry "UKR"]
[SourceTitle "CB12_2024"]
[SourceDate "2023.10.01"]
[SourceVersion "1"]
[SourceVersionDate "2023.10.01"]
[SourceQuality "1"]

1. d4 Nf6 2. Nf3 e6 3. g3 b6 4. Bg2 Bb7 5. 0-0 c5 6. c3 Be7 7. Bf4 0-0 8. Na3 cxd4 9. cxd4 Bxa3 10. bxa3 d5 11. Rc1 Nc6 12. Ne5 Nxe5 13. Bxe5 Ne4 14. Bxe4 dxe4 15. Qb3 Bd5 16. Qb2 Qg5 17. Bf4 Qh5 18. Rc7 Rfc8 19. Rfc1 Rxc7 20. Rxc7 h6 21. h4 Qg4 22. Qc2 Qh3 23. Be3 Qg4 24. a4 Qf5 25. a3 Kh7 26. Rc8 Rxc8 27. Qxc8 Bb3 28. Qa6 Bd1 29. Qc4 Qa5 30. Kf1 Bxa4 31. Qc7 Qh5 32. Ke1 Qb5 33. Qc1 Bb3 34. Qb1 f5 35. Qb2 Qd5 36. Bf4 Qa5+ 37. Bd2 Qa4 38. d5 Bxd5 39. Bc3 Qd7 40. Be5 Bc6 41. h5 Bb7 42. Bd4 Ba6 43. Be5 Qf7 44. g4 fxg4 45. Qd4 Qxh5 46. Qxe4+ Qf5 47. Qd4 Qb1+ 48. Kd2 Qa2+ 49. Kc1 Qxa3+ 50. Kd2 Qa2+ 51. Kc1 Qxe2 52. Bf4 Qc4+ 0-1

[Event "Brody Bryvka Memorial"]
[Site "Brody"]
[Date "2023.12.17"]
[Round "8"]
[White "Zakordonets, Olexandr"]
[Black "Kutyra, Myroslav"]
[Result "1-0"]
[WhiteElo "1982"]
[BlackElo "1764"]
[PlyCount "75"]
[EventDate "2023.12.17"]
[EventType "swiss"]
[EventRounds "9"]
[EventCountry "UKR"]
[SourceTitle "CB51_2023"]
[SourceDate "2023.12.20"]
[SourceVersion "1"]
[SourceVersionDate "2023.12.20"]
[SourceQuality "1"]

1. e4 d5 2. exd5 Nf6 3. Nf3 Nxd5 4. d4 Bf5 5. Be2 e6 6. 0-0 Bd6 7. a3 0-0 8. Re1 Nd7 9. c4 Nf4 10. Bf1 c6 11. Nc3 Nf6 12. Ne5 Ng6 13. Nxg6 fxg6 14. h3 h5 15. Be3 Qc7 16. Rc1 Bh2+ 17. Kh1 Bf4 18. Qb3 Rf7 19. d5 exd5 20. cxd5 Rd8 21. dxc6 bxc6 22. Bc4 Bxe3 23. Bxf7+ Qxf7 24. Qxf7+ Kxf7 25. Rxe3 g5 26. Rd1 Rb8 27. b4 h4 28. Re5 g6 29. Rc5 Be4 30. Rd6 Bd5 31. Nxd5 Ne4 32. Rcxc6 Nxd6 33. Rxd6 Rc8 34. Ra6 Rc1+ 35. Kh2 Rc2 36. Rxa7+ Ke6 37. Ne3 Rxf2 38. b5 1-0